[Event "Yuzhny FO-ch op"]
[Site "Armavir"]
[Date "2015.02.??"]
[Round "7"]
[White "Lindenbaum, Viktor"]
[Black "Kidanov, Viktor"]
[Result "0-1"]
[WhiteElo "2056"]
[BlackElo "1869"]
[PlyCount "128"]
[EventDate "2015.02.13"]
[EventType "swiss"]
[EventRounds "9"]
[EventCountry "RUS"]
[SourceTitle "CBM 165 Extra"]
[Source "ChessBase"]
[SourceDate "2015.04.21"]
[SourceVersion "1"]
[SourceVersionDate "2015.04.21"]
[SourceQuality "1"]

1. d4 Nf6 2. c4 e6 3. Nc3 d5 4. Bg5 Be7 5. Bxf6 Bxf6 6. cxd5 exd5 7. e3 0-0 8. b4 c6 9. Qb3 Re8 10. Be2 a6 11. Nf3 Nd7 12. 0-0 b5 13. a4 Bb7 14. a5 g6 15. Ne1 Bg7 16. Nd3 Kh8 17. Bf3 f5 18. Ne2 Qf6 19. Rac1 Bf8 20. Rc2 Bd6 21. g3 Rab8 22. Qc3 Kg7 23. h4 Re7 24. Nec1 Rbe8 25. Kg2 h5 26. Rh1 Kh7 27. Nb3 Kg7 28. Nbc5 Nxc5 29. Nxc5 Bxc5 30. Qxc5 Qe6 31. Rhc1 Qd7 32. Qb6 Qd8 33. Qc5 Ba8 34. Be2 Kf7 35. Bd3 Kf6 36. Qc3 Qd6 37. Qd2 Re6 38. Rc5 R8e7 39. Re1 Bb7 40. Qe2 Kg7 41. Qf3 Rf6 42. Rec1 Rff7 43. R1c2 Rd7 44. Qd1 Rf6 45. Qc1 Qe7 46. R2c3 Qd6 47. Qb1 Re6 48. Qa2 Rf6 49. Rc1 Re6 50. Re1 Rf6 51. Rcc1 Re6 52. Rcd1 Rde7 53. Qc2 Kf7 54. Rc1 Rd7 55. Qc5 Qxc5 56. Rxc5 Kf6 57. Kf3 Red6 58. Kf4 Re6 59. Rc2 Re8 60. f3 Rde7 61. Rg2 Bc8 62. g4 hxg4 63. fxg4 fxg4 64. Rg3 Re4+ 0-1

[Event "Yuzhny FO-ch op"]
[Site "Armavir"]
[Date "2015.02.??"]
[Round "2"]
[White "Pogrebnoy, Evgeny"]
[Black "Kidanov, Viktor"]
[Result "1/2-1/2"]
[WhiteElo "2044"]
[BlackElo "1869"]
[PlyCount "97"]
[EventDate "2015.02.13"]
[EventType "swiss"]
[EventRounds "9"]
[EventCountry "RUS"]
[SourceTitle "CBM 165 Extra"]
[Source "ChessBase"]
[SourceDate "2015.04.21"]
[SourceVersion "1"]
[SourceVersionDate "2015.04.21"]
[SourceQuality "1"]

1. d4 d5 2. Nf3 Nf6 3. e3 e6 4. Be2 Bd6 5. b3 0-0 6. 0-0 c6 7. Bb2 Ne4 8. Nbd2 f5 9. g3 Nd7 10. c4 a6 11. Rc1 Qe7 12. Ne5 Nxd2 13. Qxd2 Nf6 14. f3 Bd7 15. c5 Bc7 16. b4 a5 17. a3 axb4 18. axb4 Rfb8 19. Ra1 Be8 20. Rxa8 Rxa8 21. Ra1 Qd8 22. Qd1 b5 23. cxb6 Bxb6 24. Rc1 Qd6 25. Qd2 Ra4 26. Bc3 Qb8 27. Bb2 Qa8 28. Bd1 Ra2 29. Bb3 Ra6 30. Qc2 Bd8 31. Nd3 Be7 32. Nc5 Bxc5 33. Qxc5 Qb7 34. Qd6 c5 35. Qxc5 Rc6 36. Qa5 Rxc1+ 37. Bxc1 Qc6 38. Bb2 Kf7 39. Kf2 g5 40. h3 h5 41. b5 Qxb5 42. Qxb5 Bxb5 43. Ba3 g4 44. hxg4 hxg4 45. Bd1 Bd3 46. Bd6 Kg6 47. Be5 gxf3 48. Bxf6 Kxf6 49. Kxf3 1/2-1/2

[Event "Belorechensk Seniors op"]
[Site "Belorechensk"]
[Date "2013.02.21"]
[Round "9"]
[White "Papuev, Victor"]
[Black "Kidanov, Viktor"]
[Result "1-0"]
[WhiteElo "1766"]
[BlackElo "1939"]
[PlyCount "42"]
[EventDate "2013.02.13"]
[EventType "swiss"]
[EventRounds "9"]
[EventCountry "RUS"]
[SourceTitle "CBM 153 Extra"]
[Source "ChessBase"]
[SourceDate "2013.04.22"]
[SourceVersion "1"]
[SourceVersionDate "2013.04.22"]
[SourceQuality "1"]

1. d4 d5 2. c4 e6 3. Nc3 c6 4. Nf3 Nf6 5. Bg5 Be7 6. e3 0-0 7. Ne5 Nbd7 8. Nxd7 Nxd7 9. Bxe7 Qxe7 10. f4 f5 11. g3 a6 12. c5 Nf6 13. Be2 Bd7 14. b4 b5 15. a4 Rfb8 16. a5 Be8 17. h3 Bg6 18. Qd2 Bh5 19. Bxh5 g6 20. Bf3 h5 21. Qe2 Kf7 1-0

[Event "Belorechensk Seniors op"]
[Site "Belorechensk"]
[Date "2013.02.18"]
[Round "6"]
[White "Levchuk, Liudmila"]
[Black "Kidanov, Viktor"]
[Result "0-1"]
[WhiteElo "1774"]
[BlackElo "1939"]
[PlyCount "154"]
[EventDate "2013.02.13"]
[EventType "swiss"]
[EventRounds "9"]
[EventCountry "RUS"]
[SourceTitle "CBM 153 Extra"]
[Source "ChessBase"]
[SourceDate "2013.04.22"]
[SourceVersion "1"]
[SourceVersionDate "2013.04.22"]
[SourceQuality "1"]

1. f4 d5 2. Nf3 e6 3. e3 Nf6 4. c4 c6 5. b3 Be7 6. Bb2 0-0 7. Na3 Nbd7 8. Be2 Ne4 9. 0-0 Bf6 10. d4 Be7 11. Nc2 a6 12. a4 Qb6 13. Nce1 Qd8 14. Nd2 f5 15. c5 Ndf6 16. Nd3 Bd7 17. Ne5 Nxd2 18. Qxd2 Ne4 19. Qe1 Bh4 20. g3 Bf6 21. b4 Be8 22. Kg2 g6 23. Nd3 Qc7 24. Nf2 Nxf2 25. Rxf2 Bd7 26. Qf1 Rab8 27. Bc3 b5 28. a5 Qd8 29. Qh1 Kg7 30. Kf1 Qe7 31. Bf3 h5 32. h4 Kf7 33. Ke2 Rh8 34. Rh2 Bg7 35. Kd3 Qf6 36. Re1 Rbe8 37. Rhe2 Ke7 38. Kd2 Kd8 39. Kc2 Kc7 40. Kd2 Rb8 41. Kc2 Qf7 42. Kd2 Bf6 43. Kc2 Kb7 44. Kd2 Ka7 45. Kc2 Bd8 46. Ra1 Bc7 47. Kd2 Rh7 48. Kc2 Rbh8 49. Be1 Kb7 50. Ra2 Re8 51. Rh2 e5 52. Re2 exd4 53. exd4 Re4 54. Bxe4 dxe4 55. Kd1 Qb3+ 56. Kc1 Qc4+ 57. Rac2 Qb3 58. Qg1 Be6 59. Re3 Qd5 60. Rec3 Bd8 61. Bf2 Bf6 62. Be3 Qd8 63. Rd2 Rd7 64. Qd1 Bc4 65. Qh1 Qg8 66. Qd1 Qd5 67. Ra3 Bg7 68. Rc3 Kc7 69. Ra3 Bd3 70. Raxd3 exd3 71. Rxd3 Qc4+ 72. Qc2 Qd5 73. Qd2 Kd8 74. Kc2 Ke7 75. Bf2 Kf7 76. Qd1 Qa2+ 77. Kc3 Qxf2 0-1

[Event "Belorechensk Seniors op"]
[Site "Belorechensk"]
[Date "2013.02.13"]
[Round "1"]
[White "Ostrovsky, Alexander"]
[Black "Kidanov, Viktor"]
[Result "1-0"]
[WhiteElo "2324"]
[BlackElo "1939"]
[PlyCount "97"]
[EventDate "2013.02.13"]
[EventType "swiss"]
[EventRounds "9"]
[EventCountry "RUS"]
[SourceTitle "CBM 153 Extra"]
[Source "ChessBase"]
[SourceDate "2013.04.22"]
[SourceVersion "1"]
[SourceVersionDate "2013.04.22"]
[SourceQuality "1"]

1. e4 c5 2. Nf3 Nc6 3. c3 e6 4. d4 cxd4 5. cxd4 d5 6. e5 Nge7 7. Bd3 Ng6 8. h4 Bb4+ 9. Kf1 a6 10. Na3 h6 11. Nc2 Bf8 12. h5 Nge7 13. a4 Qb6 14. b4 Bd7 15. Bd2 Rc8 16. b5 Na5 17. bxa6 bxa6 18. Rb1 Nb3 19. Nb4 Nxd2+ 20. Qxd2 Qa5 21. Nxa6 Qxd2 22. Nxd2 Nc6 23. Nf3 Be7 24. Ke2 0-0 25. Rhc1 Rfd8 26. Bb5 Na5 27. Bxd7 Rxc1 28. Rxc1 Rxd7 29. Rc8+ Rd8 30. Rxd8+ Bxd8 31. Nc5 Kf8 32. Kd3 Ke7 33. Nd2 Bb6 34. Ndb3 Nc6 35. Kc3 g5 36. f3 Ke8 37. Nd3 Ke7 38. Nb4 Na7 39. a5 Bc7 40. Nd3 f6 41. Kb4 fxe5 42. dxe5 Kd7 43. Nd4 Ke7 44. Nb5 Nc6+ 45. Kc5 Kd7 46. Nxc7 Kxc7 47. a6 Na7 48. Nf2 Nc6 49. Ng4 1-0

[Event "Krasnodar Region Cup"]
[Site "Krasnodar"]
[Date "2013.01.29"]
[Round "7"]
[White "Pankov, Nikita"]
[Black "Kidanov, Viktor"]
[Result "1-0"]
[WhiteElo "1813"]
[BlackElo "1939"]
[PlyCount "91"]
[EventDate "2013.01.23"]
[EventType "swiss"]
[EventRounds "8"]
[EventCountry "RUS"]
[SourceTitle "EXT 2023"]
[Source "ChessBase"]
[SourceDate "2022.10.05"]
[SourceVersion "1"]
[SourceVersionDate "2022.10.05"]
[SourceQuality "1"]

1. e4 c5 2. d4 cxd4 3. c3 d3 4. c4 d6 5. Nc3 Nc6 6. Bxd3 e6 7. Nf3 Nf6 8. 0-0 Be7 9. Qe2 0-0 10. Rd1 e5 11. h3 Be6 12. Nd5 b6 13. Be3 Re8 14. Bc2 Rc8 15. Nxf6+ Bxf6 16. c5 bxc5 17. Bxc5 Be7 18. Ba3 Qc7 19. Ba4 Red8 20. Rac1 Qb6 21. Bxc6 Rxc6 22. Nxe5 Rxc1 23. Rxc1 Bf6 24. Ng4 Bg5 25. Rd1 Bxa2 26. Qf3 Be6 27. Qg3 h5 28. Nh2 Bf6 29. Nf3 Qb3 30. Rxd6 Rc8 31. Rd2 g6 32. e5 Bg7 33. Qg5 Qb6 34. Rd6 Qa5 35. Rd4 Bd5 36. Nd2 Rc1+ 37. Kh2 Rc2 38. Bb4 Qb6 39. Bc3 Be6 40. Ne4 Rxf2 41. Nxf2 Qc7 42. Rd8+ Kh7 43. Ne4 f6 44. Nxf6+ Bxf6 45. Qxf6 Bg8 46. Re8 1-0

[Event "Krasnodar Region Cup"]
[Site "Krasnodar"]
[Date "2013.01.28"]
[Round "6"]
[White "Kidanov, Viktor"]
[Black "Likhopek, Vladimir"]
[Result "1-0"]
[WhiteElo "1939"]
[BlackElo "1712"]
[PlyCount "122"]
[EventDate "2013.01.23"]
[EventType "swiss"]
[EventRounds "8"]
[EventCountry "RUS"]
[SourceTitle "EXT 2023"]
[Source "ChessBase"]
[SourceDate "2022.10.05"]
[SourceVersion "1"]
[SourceVersionDate "2022.10.05"]
[SourceQuality "1"]

1. d4 Nf6 2. Nf3 e6 3. e3 Be7 4. Bd3 c5 5. c3 d5 6. 0-0 0-0 7. Nbd2 b6 8. Re1 Bb7 9. Qe2 Ne4 10. Nf1 Nd7 11. Ba6 Bc6 12. Bb5 Rc8 13. Bxc6 Rxc6 14. dxc5 Bxc5 15. Rd1 Qc7 16. N1d2 Nef6 17. Nd4 Bxd4 18. exd4 Re8 19. Nf3 h6 20. g3 Qb7 21. Ne5 Nxe5 22. Qxe5 Qc7 23. Be3 Nd7 24. Qxc7 Rxc7 25. Kg2 Rec8 26. Re1 Nf6 27. f3 Nd7 28. Re2 b5 29. a3 Nb6 30. Rae1 Kf8 31. g4 a5 32. h4 Nd7 33. g5 hxg5 34. Bxg5 Kg8 35. Bd2 a4 36. Kg3 Nf8 37. Rh1 Re8 38. Bf4 Ra7 39. h5 f6 40. Rhe1 Kf7 41. Bd6 Ra6 42. Bf4 Rc8 43. Rh1 Nh7 44. Bd2 Rac6 45. Ra1 Rh8 46. Rh1 Ra8 47. Kf2 Re8 48. Bf4 Rh8 49. Kg3 Re8 50. Rhe1 Rec8 51. Ra1 Re8 52. Rd1 Rh8 53. Rde1 Nf8 54. Rh1 Nh7 55. Reh2 Nf8 56. Re1 Nh7 57. Rg2 Nf8 58. Rh1 Nd7 59. Kf2 Nf8 60. Rhg1 Rh7 61. Ke1 Nd7 1-0

[Event "Krasnodar Region Cup"]
[Site "Krasnodar"]
[Date "2013.01.27"]
[Round "5"]
[White "Korolkov, Yury"]
[Black "Kidanov, Viktor"]
[Result "1-0"]
[WhiteElo "1792"]
[BlackElo "1939"]
[PlyCount "258"]
[EventDate "2013.01.23"]
[EventType "swiss"]
[EventRounds "8"]
[EventCountry "RUS"]
[SourceTitle "EXT 2023"]
[Source "ChessBase"]
[SourceDate "2022.10.05"]
[SourceVersion "1"]
[SourceVersionDate "2022.10.05"]
[SourceQuality "1"]

1. e4 c5 2. Nf3 Nc6 3. d4 cxd4 4. Nxd4 d6 5. Nc3 a6 6. Be3 Bd7 7. Qd2 Rc8 8. Nd5 e6 9. Nxc6 Rxc6 10. Nb4 Rc8 11. c3 Nf6 12. Bd3 Be7 13. f3 0-0 14. 0-0 Qc7 15. Qf2 Bd8 16. Kh1 a5 17. Nc2 d5 18. exd5 Nxd5 19. Bd2 Nf4 20. Be4 Ng6 21. Nd4 b6 22. f4 f5 23. Bc2 Bf6 24. Bb3 Bxd4 25. Qxd4 Qc6 26. Qf2 a4 27. Bd1 Qb7 28. Bf3 Bc6 29. Be3 b5 30. h4 Bxf3 31. gxf3 Rc4 32. b3 axb3 33. axb3 Rxc3 34. Ra7 Qc8 35. h5 Nh8 36. h6 Rc7 37. hxg7 Rxg7 38. Rxg7+ Kxg7 39. Bd4+ Kf7 40. Qh4 Ke8 41. Qxh7 Qd7 42. Bg7 Nf7 43. Bxf8 Kxf8 44. Rg1 Qd4 45. Rg8+ Ke7 46. Qh4+ Kd7 47. Rg1 Qc3 48. Rd1+ Ke8 49. Qf2 Qxb3 50. Rd2 Qc3 51. Rc2 Qh8+ 52. Kg2 Qg7+ 53. Kf1 Qa1+ 54. Qe1 Qa6 55. Qe2 Kd7 56. Rb2 Nd6 57. Qe5 Qa4 58. Rd2 Qc4+ 59. Kg2 Qb4 60. Rd4 Qa3 61. Qxb5+ Ke7 62. Qe5 Qa6 63. Rd2 Qb6 64. Qg7+ Nf7 65. Rb2 Qc7 66. Qd4 Qd7 67. Qe3 Qc7 68. Ra2 Qc4 69. Ra7+ Kf6 70. Rd7 Qc6 71. Rd2 Qc4 72. Rb2 Qc7 73. Qd4+ e5 74. Rb6+ Kg7 75. Qb2 Kg8 76. Rb7 Qd6 77. Rb8+ Kh7 78. Rb6 Qd5 79. Rb5 Qe6 80. fxe5 Qg6+ 81. Kf1 Qh6 82. Kg1 Qg5+ 83. Qg2 Qe3+ 84. Qf2 Qg5+ 85. Kh1 Qc1+ 86. Kh2 Qc4 87. Rc5 Qf4+ 88. Kg2 Nxe5 89. Rc7+ Kh6 90. Rc3 Ng6 91. Qe3 Kg5 92. Kf2 Qxe3+ 93. Rxe3 Nf4 94. Re8 Nd5 95. Rg8+ Kf4 96. Rd8 Ke5 97. Kg3 Nf4 98. Re8+ Ne6 99. Kh4 Kf6 100. Rg8 Nf4 101. Rf8+ Kg6 102. Kg3 Ne2+ 103. Kf2 Nf4 104. Ra8 Kf6 105. Ra6+ Ke5 106. Kf1 Kd4 107. Ra3 Ke5 108. Re3+ Kf6 109. Kf2 Nd5 110. Re8 Kf7 111. Re5 Ne7 112. f4 Kf6 113. Ke3 Ng6 114. Ra5 Nh4 115. Ra6+ Kf7 116. Kd4 Nf3+ 117. Kd5 Ke7 118. Rh6 Kf7 119. Rh3 Nd2 120. Ke5 Ne4 121. Rh7+ Kg6 122. Rb7 Ng3 123. Rb6+ Kf7 124. Rb3 Nh5 125. Kxf5 Ng7+ 126. Ke5 Nh5 127. f5 Kg7 128. Rb7+ Kf8 129. f6 Kg8 1-0

[Event "Krasnodar Region-ch"]
[Site "Krasnodar"]
[Date "2010.10.18"]
[Round "3"]
[White "Golub, Sergey"]
[Black "Kidanov, Viktor"]
[Result "1-0"]
[WhiteElo "1890"]
[BlackElo "2079"]
[PlyCount "58"]
[EventDate "2010.10.16"]
[EventType "swiss"]
[EventRounds "9"]
[EventCountry "RUS"]
[SourceTitle "EXT 2022"]
[Source "ChessBase"]
[SourceDate "2021.10.06"]
[SourceVersion "1"]
[SourceVersionDate "2021.10.06"]
[SourceQuality "1"]

1. d4 d5 2. Nf3 Nf6 3. e3 e6 4. Bd3 c5 5. c3 Nc6 6. Nbd2 cxd4 7. exd4 Be7 8. 0-0 0-0 9. Re1 Nh5 10. Ne5 Nf4 11. Bc2 Nxe5 12. dxe5 Ng6 13. Nf3 b5 14. Be3 Bd7 15. Qd4 f5 16. exf6 Bxf6 17. Qd2 Ne5 18. Nxe5 Bxe5 19. Bc5 Bxh2+ 20. Kxh2 Qc7+ 21. Kg1 Qxc5 22. Re3 Rf6 23. Rh3 h6 24. Rg3 Raf8 25. Rf1 Qc4 26. b3 Qf4 27. Qd3 Qf5 28. Qe2 Qf4 29. Qd3 Rf5 1-0